[Event "London Classic Open 2019"]
[Site "London ENG"]
[Date "2019.11.29"]
[Round "1.1"]
[White "Aravindh, Chithambaram VR."]
[Black "Ciocan, Maria-Alexandra"]
[Result "1-0"]
[WhiteTitle "GM"]
[WhiteElo "2605"]
[BlackElo "2058"]
[WhiteFideId "5072786"]
[BlackFideId "1227130"]
[EventDate "2019.11.29"]

1. d4 Nf6 2. Bg5 Ne4 3. h4 c5 4. d5 Qb6 5. Nd2 Nxd2 6. Bxd2 e5 7. e4 d6 8. a4
Be7 9. Bb5+ Bd7 10. Bxd7+ Nxd7 11. Ne2 Qd8 12. h5 Bg5 13. Ng3 g6 14. a5 Qe7 15.
Qc1 Bxd2+ 16. Qxd2 Nf6 17. f3 a6 18. O-O-O O-O-O 19. Rh3 Kb8 20. Rdh1 Rhf8 21.
hxg6 hxg6 22. Ne2 Rc8 23. c4 Qd8 24. g4 b6 25. axb6 Qxb6 26. f4 Nxg4 27. Kc2 Ka7
28. Rb3 Qc7 29. Nc3 Rb8 30. Ra3 Qd7 31. Rha1 Rb6 32. Na4 Rb4 33. Nxc5 dxc5 34.
Rxa6+ Kb8 35. Ra8+ Kc7 36. R1a7+ 1-0

[Event "London Classic Open 2019"]
[Site "London ENG"]
[Date "2019.11.29"]
[Round "1.2"]
[White "Nettleton, Charlie B"]
[Black "Moussard, Jules"]
[Result "0-1"]
[BlackTitle "GM"]
[WhiteElo "2058"]
[BlackElo "2600"]
[WhiteFideId "419710"]
[BlackFideId "642908"]
[EventDate "2019.11.29"]

1. e4 Nf6 2. Nc3 d6 3. d4 g6 4. f4 Bg7 5. Nf3 O-O 6. Bd3 Na6 7. O-O c5 8. e5 Nd7
9. e6 fxe6 10. Qe1 cxd4 11. Ne4 Nac5 12. Qh4 Nxe4 13. Bxe4 Rf6 14. Ng5 h6 15. f5
Nc5 16. fxg6 Nxe4 17. Nf7 Rxf1+ 18. Kxf1 Qa5 19. Bxh6 Qf5+ 20. Kg1 Bf6 21. Bg5
Qxg6 22. Bxf6 Nxf6 0-1

[Event "London Classic Open 2019"]
[Site "London ENG"]
[Date "2019.11.29"]
[Round "1.3"]
[White "Praggnanandhaa, R"]
[Black "Eche, Sylvain"]
[Result "1-0"]
[WhiteTitle "GM"]
[WhiteElo "2586"]
[BlackElo "2054"]
[WhiteFideId "25059530"]
[BlackFideId "627194"]
[EventDate "2019.11.29"]

1. Nf3 Nf6 2. g3 g6 3. b3 Bg7 4. Bb2 O-O 5. Bg2 d5 6. c4 c6 7. O-O a5 8. Na3 Na6
9. d3 Re8 10. Qd2 Nc7 11. Rac1 Be6 12. cxd5 cxd5 13. Be5 Na6 14. Nb5 Qb6 15. Nc3
Nb4 16. Na4 Qa7 17. Nd4 Bd7 18. a3 Nc6 19. Nb5 Qa6 20. Nc7 Nxe5 21. Nxa6 Rxa6
22. Nc5 Ra7 23. d4 Nc6 24. Nxd7 Nxd7 25. Bxd5 Nxd4 26. e3 e6 27. Bg2 1-0

[Event "London Classic Open 2019"]
[Site "London ENG"]
[Date "2019.11.29"]
[Round "1.4"]
[White "Rushbrooke, Remy"]
[Black "Smirnov, Anton"]
[Result "0-1"]
[BlackTitle "GM"]
[WhiteElo "2053"]
[BlackElo "2573"]
[WhiteFideId "443590"]
[BlackFideId "3208923"]
[EventDate "2019.11.29"]

1. d4 d5 2. Nc3 Nf6 3. Bg5 Nbd7 4. e3 e6 5. a3 c5 6. Nf3 a6 7. Ne5 h6 8. Bh4
cxd4 9. exd4 Nxe5 10. dxe5 g5 11. Bg3 Nd7 12. Bd3 Bg7 13. Qe2 b5 14. O-O Bb7 15.
f4 gxf4 16. Bxf4 Qe7 17. Rf3 O-O-O 18. Rg3 Rdg8 19. a4 Qb4 20. Rf1 bxa4 21. Bxa6
Qb6+ 22. Kh1 Bxa6 0-1

[Event "London Classic Open 2019"]
[Site "London ENG"]
[Date "2019.11.29"]
[Round "1.5"]
[White "Fodor, Tamas Jr."]
[Black "Grigoryan, Meri"]
[Result "1-0"]
[WhiteTitle "GM"]
[BlackTitle "WFM"]
[WhiteElo "2533"]
[BlackElo "2050"]
[WhiteFideId "723762"]
[BlackFideId "13300571"]
[EventDate "2019.11.29"]

1. d4 d5 2. c4 e6 3. cxd5 exd5 4. Nc3 Nf6 5. Bg5 c6 6. e3 Bb4 7. Bd3 Be6 8. Qb3
Qb6 9. Bxf6 gxf6 10. Ne2 c5 11. dxc5 Bxc5 12. Qa4+ Nc6 13. Qf4 O-O-O 14. O-O Bd6
15. Qxf6 Be5 16. Qh6 Rdg8 17. Nf4 Bxf4 18. Qxf4 Rg4 19. Qf6 Rhg8 20. g3 Qc7 21.
Bf5 Ne5 22. Nxd5 Nf3+ 23. Kh1 Qd7 24. Bxe6 fxe6 25. Ne7+ Kc7 26. Rac1+ Kb6 27.
Rfd1 R8g6 1-0

[Event "London Classic Open 2019"]
[Site "London ENG"]
[Date "2019.11.29"]
[Round "1.6"]
[White "Orgler, Philipp"]
[Black "Grover, Sahaj"]
[Result "0-1"]
[BlackTitle "GM"]
[WhiteElo "2047"]
[BlackElo "2508"]
[WhiteFideId "1604236"]
[BlackFideId "5021103"]
[EventDate "2019.11.29"]

1. d4 d5 2. Nc3 Nf6 3. Bf4 e6 4. Nb5 Na6 5. e3 c6 6. Nc3 Be7 7. Nf3 O-O 8. Bxa6
bxa6 9. Ne5 Qb6 10. O-O Qxb2 11. Na4 Qa3 12. c4 Nh5 13. Qxh5 Qxa4 14. c5 f6 15.
Nd3 a5 16. Bd6 Rf7 17. Rfd1 Qa3 18. Bg3 Ba6 19. Nf4 e5 20. Ne6 g6 21. Qh6 Bc8
22. Nc7 Bf8 23. Qh4 Rxc7 24. Qxf6 Bf5 25. Bxe5 Bg7 26. Qd6 Bxe5 27. dxe5 Rac8
28. e6 Qc3 29. e7 Kf7 30. Rac1 Qh8 31. Qf4 Rxe7 0-1

[Event "London Classic Open 2019"]
[Site "London ENG"]
[Date "2019.11.29"]
[Round "1.8"]
[White "Vaddadi, Seshagiri"]
[Black "Petrov, Martin"]
[Result "0-1"]
[BlackTitle "IM"]
[WhiteElo "2042"]
[BlackElo "2497"]
[WhiteFideId "411183"]
[BlackFideId "2911086"]
[EventDate "2019.11.29"]

1. e4 c5 2. Nf3 d6 3. d4 cxd4 4. Nxd4 Nf6 5. Nc3 a6 6. Be2 e5 7. Nb3 Be7 8. O-O
O-O 9. f4 b5 10. a3 Nbd7 11. Be3 Bb7 12. Bf3 Rc8 13. Qe2 Nb6 14. fxe5 dxe5 15.
Rad1 Qc7 16. Qf2 Na4 17. Nxa4 bxa4 18. Nd2 Qxc2 19. Qg3 Bc5 20. Bxc5 Qxc5+ 21.
Kh1 Rfd8 22. Bg4 Nxg4 23. Qxg4 Qc2 24. Qf5 f6 25. Qf2 Bxe4 26. Rc1 Qxc1 27. Nxe4
Rd1 0-1

[Event "London Classic Open 2019"]
[Site "London ENG"]
[Date "2019.11.29"]
[Round "1.10"]
[White "Flear, Glenn C"]
[Black "Chakanyuka, Charles"]
[Result "1-0"]
[WhiteTitle "GM"]
[WhiteElo "2463"]
[BlackElo "2036"]
[WhiteFideId "400165"]
[BlackFideId "11000341"]
[EventDate "2019.11.29"]

1. d4 Nf6 2. c4 g6 3. Nc3 Bg7 4. e4 d6 5. Be2 O-O 6. Bg5 a6 7. Nf3 h6 8. Bh4 Bg4
9. h3 Bxf3 10. Bxf3 Nc6 11. d5 Na5 12. Be2 c5 13. O-O e5 14. Qd3 Qe8 15. Rab1 g5
16. Bg3 b5 17. cxb5 c4 18. Qc2 axb5 19. b4 Nb7 20. a4 bxa4 21. Bxc4 Qc8 22. Qa2
Nh5 23. Ne2 Nf4 24. Bb5 Qd8 25. Bc6 Qb6 26. Kh2 Rfb8 27. f3 Qe3 28. Nc1 Nh5 29.
Re1 Qb6 30. Bf2 Qd8 31. Ne2 Nf6 32. Ng3 Ne8 33. Nf5 Bf8 34. Rec1 Kh7 35. Rc3 Ng7
36. Nxg7 Kxg7 37. Ra3 Qc8 38. Rxa4 Rxa4 39. Qxa4 Nc5 40. Qa3 Qc7 41. Rc1 Nd7 42.
Ba7 Rxb4 43. Qxb4 Qxa7 44. Bxd7 Qxd7 45. Qb8 g4 46. Rc7 g3+ 47. Kxg3 Qa4 48. Qc8 1-0

[Event "London Classic Open 2019"]
[Site "London ENG"]
[Date "2019.11.29"]
[Round "1.14"]
[White "Pert, Richard G"]
[Black "Nilssen, Ellen Fredericia"]
[Result "1-0"]
[WhiteTitle "IM"]
[BlackTitle "WFM"]
[WhiteElo "2436"]
[BlackElo "2004"]
[WhiteFideId "404748"]
[BlackFideId "1441230"]
[EventDate "2019.11.29"]

1. d4 e6 2. Nf3 d5 3. c4 Nf6 4. Nc3 a6 5. cxd5 exd5 6. Bf4 Bd6 7. Bg3 O-O 8. e3
Re8 9. Bd3 Nc6 10. Bh4 Be7 11. h3 Ne4 12. Bxe7 Rxe7 13. Qb3 Nxc3 14. Qxc3 Qd6
15. Rc1 Qf6 16. Qb3 Qd6 17. O-O Nd8 18. Qc2 h6 19. Ne5 Ne6 20. Bh7+ Kh8 21. Bf5
Nf8 22. Bxc8 Rxc8 23. Qf5 Qe6 24. Qxe6 Nxe6 25. b4 Nf8 26. a4 Nd7 27. Nd3 Nb6
28. Nc5 c6 29. b5 axb5 30. axb5 Nc4 31. bxc6 bxc6 32. Ra1 Nd2 33. Rfc1 Ne4 34.
Nxe4 Rxe4 35. Ra5 Ree8 36. Rac5 Red8 37. Rxc6 Rxc6 38. Rxc6 Kg8 39. Kh2 Kf8 40.
Kg3 Ke7 41. Kf4 Rd7 42. h4 h5 43. Kg5 g6 44. Kh6 Kf8 45. Rc8+ Ke7 46. Kg7 Ra7
47. Rc6 Kd7 48. Rb6 Ke7 49. g3 Ke8 50. Rd6 Ra2 51. f4 Ra5 52. Kf6 Kf8 53. Rd8# 1-0

[Event "London Classic Open 2019"]
[Site "London ENG"]
[Date "2019.11.29"]
[Round "1.15"]
[White "Taylor, William J"]
[Black "Kirk, Ezra"]
[Result "0-1"]
[BlackTitle "IM"]
[WhiteElo "1993"]
[BlackElo "2433"]
[WhiteFideId "423130"]
[BlackFideId "600067"]
[EventDate "2019.11.29"]

1. e4 e6 2. d4 d5 3. Nd2 h6 4. Ngf3 Nf6 5. e5 Nfd7 6. Bd3 c5 7. c3 Nc6 8. O-O g5
9. dxc5 Bxc5 10. b4 Bb6 11. Nb3 Ndxe5 12. Nxe5 Nxe5 13. Bc2 Qc7 14. Qe1 Bd7 15.
a4 a6 16. Kh1 Rc8 17. Bd2 Ng4 18. f4 d4 19. Be4 dxc3 20. Qg3 Nf6 0-1

[Event "London Classic Open 2019"]
[Site "London ENG"]
[Date "2019.11.29"]
[Round "1.23"]
[White "Burke, John S"]
[Black "Taylor, Adam C"]
[Result "0-1"]
[BlackTitle "IM"]
[WhiteElo "1966"]
[BlackElo "2371"]
[WhiteFideId "404322"]
[BlackFideId "424668"]
[EventDate "2019.11.29"]

1. d4 Nf6 2. Bf4 c5 3. dxc5 Na6 4. Nc3 Nxc5 5. e3 Qa5 6. Bd3 e5 7. Bg3 Na4 8.
Ne2 Nxb2 9. Qb1 Ba3 10. O-O a6 11. Nd1 Nxd3 12. cxd3 d6 13. Ndc3 O-O 14. Qb3 Be6
15. Qc2 Rac8 16. e4 Rc7 17. f3 Rfc8 18. Be1 d5 19. Qa4 Qxa4 20. Nxa4 Rc2 21. Ng3
R8c6 22. Rf2 b5 23. Rxc2 Rxc2 24. Nc3 Bb2 0-1

[Event "London Classic Open 2019"]
[Site "London ENG"]
[Date "2019.11.29"]
[Round "1.30"]
[White "Cox, John J"]
[Black "Mata, Adilson"]
[Result "1-0"]
[WhiteTitle "IM"]
[WhiteElo "2306"]
[BlackElo "1928"]
[WhiteFideId "401064"]
[BlackFideId "1901389"]
[EventDate "2019.11.29"]

1. c4 Nf6 2. g3 e6 3. Bg2 d5 4. Nf3 c5 5. O-O d4 6. e3 Nc6 7. exd4 cxd4 8. d3
Bd6 9. Bg5 h6 10. Bxf6 Qxf6 11. Nbd2 O-O 12. Ne4 Qe7 13. Nxd6 Qxd6 14. a3 a5 15.
Rc1 a4 16. Nd2 f5 17. c5 Qe7 18. Bxc6 bxc6 19. Re1 Ra5 20. Rc4 Qb7 21. Rb4 Qa7
22. Nc4 Rxc5 23. Rxa4 Qb8 24. Qf3 e5 25. b4 Rd5 26. Ra5 e4 27. dxe4 fxe4 28.
Qxe4 Qb7 29. Qe7 Rd7 30. Qe5 d3 31. Qe3 Rfd8 32. Nd2 Rf7 33. Re5 Bf5 34. Qc5 Bg6
35. Re6 Kh7 36. Qxc6 Qa7 37. Qb6 Qxb6 38. Rxb6 Ra7 39. Ree6 Bf5 40. Re5 Bh3 41.
f3 Rxa3 42. Re1 Ra2 43. Rd1 Re8 44. Rd6 Re3 45. g4 h5 46. Ne4 Rg2+ 47. Kh1 Rxe4
48. fxe4 Rxg4 49. R6xd3 Bg2+ 50. Kg1 Bf3+ 51. Kf2 Bxd1 52. Rxd1 Rxe4 53. Rb1 Re6
54. b5 Rb6 55. Ke3 g5 56. Kd4 Kg6 57. Kc5 Rb8 58. Kc6 g4 59. b6 h4 60. Rb5 Kh6
61. b7 g3 62. hxg3 hxg3 1-0

[Event "London Classic Open 2019"]
[Site "London ENG"]
[Date "2019.11.29"]
[Round "1.31"]
[White "Nelson, Omowale"]
[Black "Risting, Eivind Olav"]
[Result "0-1"]
[BlackTitle "FM"]
[WhiteElo "1924"]
[BlackElo "2298"]
[WhiteFideId "7400209"]
[BlackFideId "1517333"]
[EventDate "2019.11.29"]

1. d4 Nf6 2. c4 e6 3. g3 d5 4. Nf3 dxc4 5. Bg2 Bd7 6. Qc2 c5 7. O-O Bc6 8. Rd1
Nbd7 9. Qxc4 b5 10. Qc2 Qb6 11. e3 Qb7 12. Ne1 Bxg2 13. Nxg2 cxd4 14. exd4 Be7
15. Nc3 O-O 16. Ne3 b4 17. Ne2 Nb6 18. Nf4 Rfd8 19. Qb3 a5 20. a4 Rac8 21. Nf1
Qe4 22. Be3 Nfd5 23. Nd2 Qc2 24. Nxd5 exd5 25. Rac1 Qxc1 26. Rxc1 Rxc1+ 27. Kg2
Nc4 28. Nf3 Rb1 29. Bf4 Rxb2 30. Qd3 Ra2 31. Ne5 Ra3 32. Qf5 Nxe5 33. dxe5 Rc3
34. e6 f6 35. Qh5 g6 36. Qe2 Rc6 37. Qb5 Rxe6 38. Qxa5 d4 39. Bd2 d3 40. Bxb4
Rd7 41. Bd2 Re2 42. Qc3 Kg7 43. Qc6 Rd8 44. Qc7 Kf8 45. Qc3 Rxd2 46. Qxd2 Kg7
47. Kf1 Rd4 48. f3 Bb4 49. Qe3 Rd7 50. Qe6 Re7 51. Qd5 d2 52. Kf2 h5 53. h4 Re1
54. Qd7+ Kh6 55. Qd8 Kg7 56. Qd7+ Re7 57. Qd4 Bc5 58. Qxc5 Rd7 0-1

[Event "London Classic Open 2019"]
[Site "London ENG"]
[Date "2019.11.29"]
[Round "1.39"]
[White "Hughes, Anthony"]
[Black "Blackburn, Jonathan L B"]
[Result "0-1"]
[WhiteTitle "CM"]
[BlackTitle "FM"]
[WhiteElo "1874"]
[BlackElo "2240"]
[WhiteFideId "1803093"]
[BlackFideId "1801090"]
[EventDate "2019.11.29"]

1. e4 d6 2. d4 Nf6 3. Nc3 c6 4. h3 Qa5 5. Bd3 e5 6. Nf3 Nbd7 7. O-O Be7 8. Ne2
d5 9. dxe5 Nxe4 10. e6 fxe6 11. Bxe4 dxe4 12. Nd2 Nf6 13. Nc3 e3 14. fxe3 e5 15.
Nde4 O-O 16. Nxf6+ Rxf6 17. Rxf6 Bxf6 18. Bd2 Be7 19. Qh5 Be6 20. Rf1 g6 21. Qe2
Qc5 22. b4 Qb6 23. Ne4 Qb5 24. Qxb5 cxb5 25. Bc3 Bf5 26. Nc5 b6 27. Nd3 Rc8 28.
Bxe5 Rxc2 29. Nf4 Be4 30. Rd1 g5 31. Nd5 Rxg2+ 32. Kf1 Bxd5 33. Rxd5 Rxa2 34.
Rxb5 Kf7 35. Bb8 Kg6 36. Bg3 h5 37. Bf2 Rb2 38. Be1 Bc5 39. Bc3 Rb1+ 40. Ke2 a6
41. Rxc5 bxc5 42. bxc5 Kf5 43. Kd3 g4 44. e4+ Ke6 45. hxg4 hxg4 46. Ba5 g3 47.
c6 g2 48. c7 Kd7 0-1

[Event "London Classic Open 2019"]
[Site "London ENG"]
[Date "2019.11.29"]
[Round "1.47"]
[White "AuYeung, Chi Hung Jonathan"]
[Black "Manfay, Mate"]
[Result "1-0"]
[WhiteElo "1770"]
[BlackElo "2197"]
[WhiteFideId "5818044"]
[BlackFideId "730998"]
[EventDate "2019.11.29"]

1. c4 Nf6 2. g3 e6 3. Bg2 d5 4. Nf3 dxc4 5. Na3 Bxa3 6. Qa4+ b5 7. Qxa3 Bb7 8.
O-O Qe7 9. Qxe7+ Kxe7 10. b3 Nbd7 11. Nd4 Bxg2 12. Kxg2 a6 13. bxc4 c5 14. Nc6+
Kd6 15. Na5 Kc7 16. d3 Kb6 17. Nb3 Rhc8 18. a4 b4 19. a5+ Kb7 20. f4 Ne8 21. e4
f6 22. Be3 Nd6 23. e5 Nf5 24. Bg1 Rc6 25. Rad1 Rac8 26. d4 cxd4 27. g4 Nh4+ 28.
Kg3 Ng6 29. Rxd4 Nc5 30. Nxc5+ Rxc5 31. Rb1 Rxc4 32. Rxb4+ Rxb4 33. Rxb4+ Kc7
34. exf6 gxf6 35. Rb6 Rd8 36. Rxe6 Rd3+ 37. Re3 Rd5 38. Rb3 h5 39. Bb6+ Kd7 40.
Rc3 h4+ 41. Kf3 Rd2 42. h3 Rh2 43. Ke4 Re2+ 44. Re3 Rh2 45. Rd3+ Ke7 46. Bc5+
Kf7 47. Rd7+ Ke8 48. Rg7 Rc2 49. Bd6 Rd2 50. Rxg6 Rxd6 51. g5 Rd1 52. Rxf6 Ra1
53. g6 Ke7 54. Rxa6 Ra3 55. g7 Kf7 56. Ra7+ Kg8 57. Kf5 Ra4 58. Kg5 Kh7 59. f5
Ra1 60. Kf6 Rg1 61. Re7 Rg3 62. Re8 Rxg7 63. Re7 Kh8 64. a6 Rg1 65. a7 Ra1 66.
Kg6 Rg1+ 67. Kh6 Rg8 68. Rh7# 1-0

[Event "London Classic Open 2019"]
[Site "London ENG"]
[Date "2019.11.29"]
[Round "1.51"]
[White "Bansal, Saahil"]
[Black "Brozel, Sacha"]
[Result "0-1"]
[WhiteElo "1751"]
[BlackElo "2188"]
[WhiteFideId "438316"]
[BlackFideId "429317"]
[EventDate "2019.11.29"]

1. e4 e6 2. d4 d5 3. Nc3 Bb4 4. exd5 exd5 5. Bd3 Nc6 6. a3 Bxc3+ 7. bxc3 Be6 8.
Ne2 Qd7 9. O-O Bf5 10. Ng3 Bxd3 11. cxd3 O-O-O 12. Qf3 f6 13. Qf5 Nge7 14. Qxd7+
Rxd7 15. Bd2 h5 16. Ne2 Nf5 17. f4 Re7 18. Kf2 h4 19. Ng1 Nh6 20. Nf3 Ng4+ 21.
Kg1 h3 22. gxh3 Rxh3 23. Kg2 Rh8 24. Kg3 Nh6 25. Nh4 Re2 26. Rf2 Rhe8 27. Raf1
Na5 28. Rxe2 Rxe2 29. Rf2 Re8 30. f5 Nf7 31. Nf3 Nd6 32. Kg4 Nb3 33. Bf4 Nf7 34.
Rb2 Na5 35. Rb5 b6 36. Kh5 c6 37. Rb2 Kd7 38. Kg6 Re7 39. Rf2 Nb7 40. Kxg7 Ne5+
41. Kxf6 Ng4+ 42. Kg5 Nxf2 43. Ne5+ Ke8 44. Bg3 Nd1 45. f6 Re6 46. Kf5 Nd8 47.
Bf4 Nxc3 48. h4 Nb5 49. h5 Nxd4+ 50. Kg6 Ne2 51. Bh2 Rxe5 52. Bxe5 Nf7 53. Bb8
a6 54. h6 c5 55. Ba7 Nf4+ 56. Kg7 Nxd3 57. Bxb6 Nf4 58. h7 Ne6+ 59. Kg8 Nh6+ 60.
Kh8 Kf8 61. Bxc5+ Nxc5 62. f7 Nxf7# 0-1

[Event "London Classic Open 2019"]
[Site "London ENG"]
[Date "2019.11.29"]
[Round "1.53"]
[White "Gamal, Alaa"]
[Black "Abrahams, Daniel"]
[Result "0-1"]
[WhiteElo "1718"]
[BlackElo "2185"]
[WhiteFideId "469114"]
[BlackFideId "2606879"]
[EventDate "2019.11.29"]

1. c4 e6 2. g3 Nf6 3. Bg2 c5 4. Nc3 a6 5. e3 Qc7 6. Nge2 d6 7. b3 Bd7 8. d4 cxd4
9. exd4 Be7 10. d5 e5 11. O-O b5 12. cxb5 axb5 13. b4 O-O 14. Bb2 Qb6 15. Rc1
Na6 16. a3 Nc7 17. h3 Rac8 18. Kh2 Rfd8 19. f4 Nce8 20. f5 g6 21. g4 gxf5 22. g5
Nh5 23. Bf3 Nhg7 24. Qd2 Rc4 25. Na4 Qc7 26. Rxc4 Qxc4 27. Nb6 Qh4 28. Rg1 Qf2+
29. Rg2 Qxf3 30. Nd4 exd4 31. Qxd4 Qe4 32. Qf2 Nh5 33. Rg1 Qf4+ 34. Qxf4 Nxf4
35. Bf6 Bxf6 36. gxf6+ Kf8 37. Rc1 Nxf6 38. Rc7 N4xd5 39. Nxd7+ Rxd7 40. Rc8+
Ke7 41. Rb8 Nc3 42. Rc8 Nfe4 43. Rh8 d5 44. Rxh7 d4 45. Rh5 Ke6 46. Rh6+ f6 47.
Rh8 d3 48. Rg8 d2 49. Rg1 d1=Q 50. Rxd1 Rxd1 51. h4 Rd2+ 52. Kh3 Nd5 53. h5 Nf4+ 0-1

[Event "London Classic Open 2019"]
[Site "London ENG"]
[Date "2019.11.29"]
[Round "1.54"]
[White "Ratnesan, Ranesh"]
[Black "Kuzhelev, Timur"]
[Result "1-0"]
[WhiteElo "2180"]
[BlackElo "1716"]
[WhiteFideId "439339"]
[BlackFideId "44101791"]
[EventDate "2019.11.29"]

1. d4 Nf6 2. Bg5 d6 3. Bxf6 gxf6 4. Nc3 e5 5. e4 Nc6 6. Nge2 f5 7. dxe5 dxe5 8.
Qxd8+ Kxd8 9. O-O-O+ Bd6 10. f3 a6 11. a3 fxe4 12. Nxe4 Ke7 13. N2c3 Be6 14.
Nd5+ Bxd5 15. Rxd5 f5 16. Ng3 Kf6 17. Rd1 h5 18. Bd3 Ne7 19. c4 h4 20. Ne2 Bc5
21. g4 Be3+ 22. Kb1 Rad8 23. h3 f4 24. Be4 c6 25. Kc2 Nc8 26. Bd3 Nd6 27. Nc3
Bd4 28. Ne4+ Nxe4 29. Bxe4 b5 30. cxb5 axb5 31. b4 c5 32. bxc5 Bxc5 33. Kb3 Rd4
34. Rc1 Bd6 35. Rc6 Rb8 36. Rhc1 Ke7 37. Ra6 Rd8 38. Ra7+ Rd7 39. Ra8 Ra4 40.
Rxa4 bxa4+ 41. Kb2 Bc7 42. Bf5 Rd2+ 43. Rc2 Ba5 44. Rxd2 Bxd2 45. Bc2 Kd6 46.
Bxa4 Kc5 47. Bc2 Kd4 48. g5 Kc4 49. Be4 Be1 50. g6 Kd4 51. g7 Ke3 52. g8=Q Bg3
53. Qb3+ Kf2 54. Qc2+ Kg1 55. a4 Bf2 56. a5 Kg2 57. a6 Kxh3 58. Bf5+ Kg3 59.
Qxf2+ Kxf2 60. a7 Kxf3 61. a8=Q+ Kg3 62. Qg8+ Kf2 63. Qg4 h3 64. Qxh3 f3 65. Be4
Ke1 66. Qxf3 1-0

[Event "London Classic Open 2019"]
[Site "London ENG"]
[Date "2019.11.29"]
[Round "1.55"]
[White "Chilton, James I"]
[Black "Ogunshola, Ben"]
[Result "0-1"]
[WhiteElo "1711"]
[BlackElo "2169"]
[WhiteFideId "423009"]
[BlackFideId "8500231"]
[EventDate "2019.11.29"]

1. e4 c5 2. Nf3 d6 3. d4 cxd4 4. Nxd4 Nf6 5. Nc3 a6 6. Be3 e5 7. Nf3 b5 8. Bd3
Bb7 9. a3 Nbd7 10. O-O Be7 11. Re1 O-O 12. Qe2 Rc8 13. Rad1 Nc5 14. Nd2 Re8 15.
f3 Qc7 16. Kh1 h6 17. Nf1 Ne6 18. Ng3 Bf8 19. Nf5 d5 20. exd5 Bxd5 21. Qf2 Bb7
22. Qg3 Kh8 23. Qh4 Ng8 24. Be4 Bxe4 25. Nxe4 Rcd8 26. Rxd8 Rxd8 27. Ng5 Nxg5
28. Bxg5 f6 29. Nxh6 Nxh6 30. Bxh6 gxh6 31. Qxf6+ Bg7 32. Qg6 Qd6 33. Qg3 Qd2
34. Rxe5 Qc1+ 35. Re1 Rd1 36. Qb8+ Kh7 37. h3 Rxe1+ 38. Kh2 Rh1+ 39. Kg3 Qg5+
40. Kf2 Bd4+ 41. Ke2 Qe3# 0-1

[Event "London Classic Open 2019"]
[Site "London ENG"]
[Date "2019.11.29"]
[Round "1.56"]
[White "Osborne, Marcus E"]
[Black "Saravanan, Aadarsh"]
[Result "1-0"]
[WhiteElo "2166"]
[BlackElo "1711"]
[WhiteFideId "404608"]
[BlackFideId "440078"]
[EventDate "2019.11.29"]

1. c4 e5 2. Nc3 Nf6 3. Nf3 Nc6 4. e3 g6 5. Be2 Bg7 6. O-O O-O 7. d4 d6 8. h3 Re8
9. d5 Ne7 10. e4 Nh5 11. Ng5 Nf4 12. Bg4 f5 13. exf5 Nxf5 14. Bxf4 exf4 15. Ne6
Bxe6 16. dxe6 c6 17. Re1 Be5 18. c5 Bxc3 19. bxc3 d5 20. Qb1 Ne7 21. Qxb7 Qa5
22. Qb4 Qc7 23. Qd4 Rab8 24. h4 Rf8 25. h5 gxh5 26. Bxh5 Nf5 27. Bf7+ Rxf7 28.
exf7+ Kxf7 29. Qe5 Qxe5 30. Rxe5 Ng7 31. Rae1 Rb7 32. Kh2 Kf6 33. g4 fxg3+ 34.
fxg3 Rb2+ 35. Kh3 Rxa2 36. Re7 Ra5 37. Rd7 Rxc5 38. Rf1+ Kg6 39. Rd6+ Kg5 40.
Rf8 Nh5 41. Re8 d4 42. Rg8+ Kf5 43. g4+ Ke4 44. Rxd4+ Ke5 45. Rg5+ 1-0

[Event "London Classic Open 2019"]
[Site "London ENG"]
[Date "2019.11.29"]
[Round "1.57"]
[White "Thatte, Nishchal"]
[Black "Pasztor, Balazs"]
[Result "0-1"]
[WhiteElo "1711"]
[BlackElo "2166"]
[WhiteFideId "447234"]
[BlackFideId "774723"]
[EventDate "2019.11.29"]

1. e4 e5 2. Nf3 Nc6 3. d4 exd4 4. Nxd4 Bc5 5. Nxc6 Qf6 6. Qf3 bxc6 7. Nd2 Qxf3
8. gxf3 Ne7 9. Nb3 Bb6 10. c4 c5 11. Rg1 O-O 12. Be3 d6 13. Bd3 f6 14. Ke2 Be6
15. f4 f5 16. f3 Ng6 17. Raf1 Rf7 18. h4 Nxh4 19. e5 Ng6 20. exd6 cxd6 21. Rd1
a5 22. Nd2 Bd8 23. Nb1 Bf6 24. Rd2 Re8 25. Na3 Bd7 26. Rh1 Bd4 27. Nc2 Rfe7 0-1

[Event "London Classic Open 2019"]
[Site "London ENG"]
[Date "2019.11.29"]
[Round "1.58"]
[White "Walker, Martin G"]
[Black "Grey, Nicholas D"]
[Result "1-0"]
[WhiteTitle "FM"]
[WhiteElo "2162"]
[BlackElo "1692"]
[WhiteFideId "410969"]
[BlackFideId "415448"]
[EventDate "2019.11.29"]

1. e4 d6 2. d4 Nf6 3. Nc3 g6 4. f4 Bg7 5. Nf3 c5 6. Bb5+ Bd7 7. e5 Ng4 8. d5
Bxb5 9. Nxb5 Qa5+ 10. Nc3 O-O 11. h3 Nh6 12. g4 Nd7 13. O-O dxe5 14. fxe5 Rad8
15. Bf4 Kh8 16. Qd2 Ng8 17. Ne4 Qxd2 18. Nexd2 f6 19. e6 Nb6 20. c4 Nc8 21. Ne4
Nd6 22. Nxc5 Nxc4 23. Nd7 Rxd7 24. exd7 Rd8 25. Rac1 Nb6 26. Rfd1 Rxd7 27. d6 e5
28. Be3 Bf8 29. Rc7 Rxd6 30. Rxd6 Bxd6 31. Rxb7 Nc4 32. Bxa7 Ne7 33. b3 Na5 34.
Rd7 Bb4 35. g5 Nec6 36. gxf6 Nxa7 37. Rd8+ 1-0

[Event "London Classic Open 2019"]
[Site "London ENG"]
[Date "2019.11.29"]
[Round "1.59"]
[White "Mohnblatt, Daniel"]
[Black "Villiers, Thomas"]
[Result "0-1"]
[BlackTitle "CM"]
[WhiteElo "1688"]
[BlackElo "2145"]
[WhiteFideId "648582"]
[BlackFideId "427209"]
[EventDate "2019.11.29"]

1. d4 Nf6 2. c4 g6 3. Nc3 Bg7 4. e4 d6 5. Bd3 O-O 6. Nge2 Nbd7 7. Bc2 e5 8. d5
a5 9. O-O Nc5 10. Be3 Ne8 11. Ng3 h5 12. h3 b6 13. Qd2 h4 14. Nh1 f5 15. f4 Nxe4
16. Bxe4 fxe4 17. Nxe4 Bf5 18. Ng5 exf4 19. Bxf4 Qf6 20. Ne6 Bxe6 21. dxe6 Qxe6
22. Rac1 Nf6 23. Bg5 Ne4 24. Qe3 Nxg5 25. Qxg5 Bd4+ 26. Nf2 Be3 27. Rce1 Bxf2+ 0-1